| 000 | 02062cam a2200541 a 4500 | ||
|---|---|---|---|
| 001 | 21518 | ||
| 003 | VRT | ||
| 005 | 20260303145458.0 | ||
| 008 | 240702s1993 xo a br 0000j slo | ||
| 015 | _aSNBA1993/11 | ||
| 020 | _a8071346063 | ||
| 035 | _aSNK000016161 | ||
| 039 | 9 |
_a202407101234 _bmsnk24 _c202407021353 _dVLOAD _c202406211515 _dAUTHORITY _c202406190929 _dAUTHORITY |
|
| 040 |
_aSNK _bslo _cSNK _eAACR2 |
||
| 041 | 1 |
_aslo _hger |
|
| 044 |
_axo _cSK |
||
| 072 | 7 |
_a821.112.2-3 _xNemecká próza, nemecky písaná _2konspekt |
|
| 072 | 7 |
_a821-93 _xLiteratúra pre deti a mládež (beletria) _2konspekt |
|
| 080 |
_a830-3(087.5) _21981 |
||
| 080 |
_a821.112.2-32 _22011 |
||
| 080 |
_a82-93-053.4/.5 _22011 |
||
| 080 |
_a27-565.2 _22011 |
||
| 080 |
_a398.332.416 _22011 |
||
| 100 | 1 |
_aKrosigk, Katharina von _4aut |
|
| 245 | 1 | 0 |
_a24 adventných príbehov pre Biu, Friederiku a všetky deti _cKatharina von Krosigk ; preklad Mária Klenková ; obrázky namaľovala Felicitas Kuhn |
| 246 | 3 | _aDvadsaťštyri adventných príbehov pre Biu, Friederiku a všetky deti | |
| 250 | _a1. vyd. | ||
| 260 |
_aBratislava _bEgmont Neografia _c1993 _eBratislava _fSlovenská Grafia, a.s. |
||
| 300 |
_a44 s. _bilustrácie _c22 cm |
||
| 500 | _aIlustrácia na titulnej strane | ||
| 500 | _aNázov z obálky | ||
| 500 | _aPravdepodobne preložené z nemčiny | ||
| 650 | 0 | 7 |
_aadvent _2SNKPH |
| 650 | 0 | 7 |
_aVianoce _2SNKPH |
| 655 | 7 |
_anemecké príbehy _2SNKPH |
|
| 655 | 7 |
_aliteratúra pre deti _2SNKPH |
|
| 700 | 1 |
_aKlenková, Mária _4trl |
|
| 700 | 1 |
_aKuhn, Felicitas, _d1926-2022 _4ill |
|
| 942 |
_2ddc _cKLDE _n0 |
||
| 949 |
_617A1010824 _asnkSC 84712 |
||
| 949 |
_617A0255104 _9P60, <05>, [BOOK], {605} _asnkSC 84712 D1 _bsnkKSP 9459/93 |
||
| 949 |
_64710703678 _astrmkM _bstrmk2008/3678 |
||
| 949 |
_64710703679 _astrmkM _bstrmk2008/3679 |
||
| 949 |
_63869A05958 _abpksh830-3(087.5) _bbpksh45842 |
||
| 949 |
_6273K0183347 _asvkpoB 62350 _bsvkpo396849 _oPV 286/94 |
||
| 999 |
_c21518 _d21518 |
||